K profylaxii besnoty

Bibliographic Details
Main Author: Ondrušková, Marta (Author)
Format: Article
Language:Slovak
ISSN:1335-0234
Subjects:

MARC

LEADER 00000nab a2200000 a 4500
001 vtls000768598
003 SK-MaSNL
005 20260303140742.0
015 |a SNBRB2001/10-28040 
035 |a CLN000120385 
040 |a SNKBUCL  |b slo  |c SNKBUCL  |e AACR2 
041 0 |a slo 
044 |a xo  |c SK 
080 |a 616.988.21-084  |2 1997 
100 1 |a Ondrušková, Marta  |4 aut  |9 11849 
245 1 0 |a K profylaxii besnoty  |c Marta Ondrušková 
504 |a Res. angl., nem., slov. 
504 |a Bibliogr. odkazy 
650 0 7 |a besnota  |2 snkbucl  |9 16570 
655 7 |a články z novín a časopisov  |2 snkbucl  |9 267496 
773 0 |t Slovenský lekár  |g Roč. 11 (25), č. 9-10 (2001), s. 398-400  |x 1335-0234 
850 |a Slovenská národná knižnica v Martine 
852 |a SNK  |b KIS3GCP 
958 |a MI 
958 |a NB 
992 |a RBX 
999 |c 1973151  |d 1975081